В каторге на Каре / (Record no. 538160)
[ view plain ]
| 000 -LEADER | |
|---|---|
| fixed length control field | 01187nam a2200217 a 4500 |
| 001 - CONTROL NUMBER | |
| control field | 1285573 |
| 003 - CONTROL NUMBER IDENTIFIER | |
| control field | AM-YEHGA |
| 005 - DATE AND TIME OF LATEST TRANSACTION | |
| control field | 20260319132452.0 |
| 008 - FIXED-LENGTH DATA ELEMENTS--GENERAL INFORMATION | |
| fixed length control field | 180221s1926 ru c||||r|||||000|0|rus|d |
| 040 ## - CATALOGING SOURCE | |
| Original cataloging agency | AM-YEHGA |
| 041 0# - LANGUAGE CODE | |
| Language code of text/sound track or separate title | rus |
| 100 1# - MAIN ENTRY--PERSONAL NAME | |
| Personal name | Кон, Феликс Яковлевич |
| 245 10 - TITLE STATEMENT | |
| Title | В каторге на Каре / |
| Statement of responsibility, etc. | Ф. Кон. |
| 260 ## - PUBLICATION, DISTRIBUTION, ETC. | |
| Place of publication, distribution, etc. | Москва : |
| Name of publisher, distributor, etc. | Новая Москва, |
| Date of publication, distribution, etc. | 1926. |
| 300 ## - PHYSICAL DESCRIPTION | |
| Extent | 120 с. ; |
| Dimensions | 18 см. |
| 490 1# - SERIES STATEMENT | |
| Series statement | Библиотека рабоче-крестьянской молодежи. Воспоминания старого большевика/ Под общ. ред. МК РЛКСМ; Под ред. А. И. Елизаровой и Феликса Кона |
| 650 14 - SUBJECT ADDED ENTRY--TOPICAL TERM | |
| Topical term or geographic name entry element | История |
| General subdivision | Период феодализма (4 в. - 1861 г.) |
| Geographic subdivision | Россия |
| 650 14 - SUBJECT ADDED ENTRY--TOPICAL TERM | |
| Topical term or geographic name entry element | Тюрьма, каторга и ссылка в России |
| Chronological subdivision | 19 в. |
| 830 #0 - SERIES ADDED ENTRY--UNIFORM TITLE | |
| Uniform title | Библиотека рабоче-крестьянской молодежи. Воспоминания старого большевика/ Под общ. ред. МК РЛКСМ; Под ред. А. И. Елизаровой и Феликса Кона |
| 942 ## - ADDED ENTRY ELEMENTS (KOHA) | |
| Source of classification or shelving scheme | Universal Decimal Classification |
| Koha item type | Գրքեր / Books |
| Withdrawn status | Lost status | Damaged status | Not for loan | Collection | Home library | Current library | Date acquired | Total checkouts | Full call number | Barcode | Date last seen | Price effective from | Koha item type | Public note |
|---|---|---|---|---|---|---|---|---|---|---|---|---|---|---|
| Kusikian Individual Collection | Fundamental Scientific Library | Fundamental Scientific Library | 29/10/2025 | Кус/5173 | FL0698117 | 29/10/2025 | 29/10/2025 | Գրքեր / Books | ILL Non-Circ. |
ՀՀ Գիտությունների ազգային ակադեմիայի հիմնարար գիտական գրադարան = Fundamental Scientific Library of NAS RA
All site content, except where otherwise noted, is licensed under a